Normal view MARC view

Entry Topical Term

Number of records used in: 6

001 - CONTROL NUMBER

  • control field: 11093

003 - CONTROL NUMBER IDENTIFIER

  • control field: dpl

005 - DATE AND TIME OF LATEST TRANSACTION

  • control field: 20100811144818.0

008 - FIXED-LENGTH DATA ELEMENTS

  • fixed length control field: 100811|||a|||||| | ||| d

040 ## - CATALOGING SOURCE

  • Original cataloging agency: dpl
  • Transcribing agency: dpl

150 ## - HEADING--TOPICAL TERM

  • Topical term or geographic name as entry element: Spiritual life-Hinduism

670 ## - SOURCE DATA FOUND

  • Source citation: Work cat.: (dpl): Osho 11092, The ultimate alchemy :, 2010

670 ## - SOURCE DATA FOUND

  • Source citation: Work cat.: (dpl): Osho 11092, The ultimate alchemy :, 2010

© Delhi Public Library
Hit Counter
free hit counter